| 000 | 01186nam a2200241Ii 4500 | ||
|---|---|---|---|
| 003 | JO-AjNU | ||
| 005 | 20240625103915.0 | ||
| 008 | 230605s9999||||xx |||||||||||||| ||und|| | ||
| 040 |
_aJO-AjNU _bara _erda _cJO-AjNU |
||
| 041 | _aara | ||
| 050 | 1 | 4 | _aHF5415.2021 |
| 100 | 1 |
_aحسن، حسن ابراهيم مخلف _eمعد _965599 |
|
| 245 | 0 | 0 |
_aدور التسويق الريادي في تحقيق النجاح الاستراتيجي في شركات الادوية في العراق = The Role of Entrepreneurial Marketing in Achieving Strategic Success in Iraqi Pharmaceutical Companies / _cاعداد حسن ابراهيم مخلف حسن؛ اشراف علي فلاح مفلح الزعبي |
| 264 | 3 | 1 | _a 2021 |
| 300 | _a157 ورقة | ||
| 336 |
_atext _btxt _2rdacontent |
||
| 337 |
_aunmediated _bn _2rdamedia |
||
| 338 |
_avolume _bnc _2rdacarrier |
||
| 500 | _aرسالة جامعية(اطروحة ماجستير) تخصص ادارة الاعمال/كلية ادارة الاعمال، جامعة عجلون الوطنية، 2021 | ||
| 650 | 4 |
_aالتسويق الريادي _962478 |
|
| 700 | 1 |
_aالزعبي، علي فلاح مفلح _959270 _eمشرف |
|
| 942 |
_2lcc _cTHS |
||
| 999 |
_c31861 _d31861 |
||